000 00653nam a2200193Ii 4500
003 JO-AjNU
008 230605s9999||||xx |||||||||||||| ||und||
040 _aJO-AjNU
_bara
_erda
_cJO-AjNU
041 _aara
050 1 4 _aQA76.75 1988
100 3 _aكبة ، سميرة عبدحسن ,
_eauthor
_919236
245 0 0 _aلغة بيسك لبرمجة الحاسبات الدقيقة
264 3 1 _aالعراق:منشورات الطاقة الذرية ، 1988
300 _a252ص
336 _atext
_btxt
_2rdacontent
337 _aunmediated
_bn
_2rdamedia
338 _avolume
_bnc
_2rdacarrier
650 4 _aلغات الحاسوب - لغة بيسك
_919237
999 _aA6306
_c9874
_d9874